Guess the Capital City from Flag 2 - Statistics

General Stats
  • This quiz has been taken 23 times
  • The average score is 13 of 20
Answer Stats
Picture Answer % Correct
Dublin
94%
Tokyo
88%
Athens
75%
Damascus
75%
Manila
75%
Skopje
75%
Baku
69%
Brasília
69%
Minsk
69%
Ulaanbaatar
69%
Naypyidaw
63%
Sana'a
63%
Tallinn
63%
Bamako
56%
Kampala
56%
Vilnius
56%
St. John's
44%
Yaoundé
44%
Nouakchott
31%
Bassaterre
25%
No matching quizzes found
Score Distribution
Percent of People with Each Score
Percentile by Number Answered
Your Score History
You have not taken this quiz